000 00575cam a2200205ua 4500
001 11698
005 20260515114804.0
008 191019n ii |||gr||||Z||||||eng
020 _a9788183423113
040 _cMAIN
082 _a820.9
100 _aArvind Kumar Jha,
_eAuthor.
245 _aCritical writings on Commonwealth Literature
_cBy Arvind Kumar Jha
250 _a1st ed.
260 _aNew Delhi:
_bCrescent Publishing corporation,
_c2014.
300 _a260p.
653 _aEnglish.& Old English literatures
653 _aCommonwealth literatures
942 _cBK
999 _c10491
_d10491